Drapeaux de pays du monde #4 - Statistiques

Statistiques générales
  • Ce quiz a été pris 226 fois
  • Le résultat moyen est 14 sur 18
Statistiques - réponses
Par images Réponse % Correct
Espagne
99%
Allemagne
98%
Inde
97%
Mexique
97%
Afrique du Sud
96%
Arabie Saoudite
96%
Jamaïque
96%
Kenya
88%
Malaisie
84%
Singapour
75%
Ouzbekistan
74%
Turkménistan
66%
Libye
65%
Comores
63%
Eswatini
57%
Oman
54%
Maldives
48%
Soudan du Sud
48%
Aucun quiz correspondant
Distribution des résultats
% des personnes avec chaque résultat
Percentile par nombre de réponses
Votre historique - résultats
Vous n’avez pas pris ce quiz